000 00719nam a2200217Ia 4500
003 OSt
005 20220614111805.0
008 210716s1996 xx 000 0 und d
020 _a8174730060
040 _cAIMIT LIBRARY
041 _aeng
082 _a658.314
_21
_bBULJ
100 _aBulin, Judith G.
_942165
245 _aSupervision:
_bSkills for managing work and leading people /
_cBy Judith G Bulin.
250 _a1st ed.
260 _aNew Delhi :
_bA.I.T.B.S. Publishers & Distributors ,
_c1996.
300 _axxviii,498p. ;
_c24 cm.
650 _aHuman relations skills developing people
_942166
650 _aTechnical skills managing a quality environment
_942167
942 _2ddc
_cBK
_e1st
_k658.314 BULJ
999 _c197970
_d197970